People's Linguistic Sudrvey of India / (Record no. 150898)
[ view plain ]
| 000 -LEADER | |
|---|---|
| fixed length control field | 00730nam a22002177a 4500 |
| 005 - DATE AND TIME OF LATEST TRANSACTION | |
| control field | 20180419113552.0 |
| 010 ## - LCCN (DPL NO) | |
| LC control number | ENG-122522 |
| 020 ## - INTERNATIONAL STANDARD BOOK NUMBER | |
| International Standard Book Number | 9788125064435 |
| Terms of availability | 1750.00 |
| 035 ## - SYSTEM CONTROL NUMBER | |
| System control number | EN-106054 |
| 037 ## - SOURCE OF ACQUISITION | |
| Source of stock number/acquisition | DBAD/PUB. |
| 082 ## - DEWEY DECIMAL CLASSIFICATION NUMBER | |
| Classification number | 409.54 |
| 245 ## - TITLE STATEMENT | |
| Title | People's Linguistic Sudrvey of India / |
| Statement of responsibility, etc | ed. by G.N.Devy [and] K. Nipuni Mao |
| 260 ## - PUBLICATION, DISTRIBUTION, ETC. (IMPRINT) | |
| Place of publication, distribution, etc | Hyderabad |
| Name of publisher, distributor, etc | Orient Blackswan Private Limited |
| Date of publication, distribution, etc | 2016 |
| 270 ## - ADDRESS | |
| Address | 3-6-752 Himayatnagar, |
| City | Hyderabad |
| Postal code | 500029 |
| 300 ## - PHYSICAL DESCRIPTION | |
| Extent | vol.xviii (438p.) |
| Other physical details | ill. |
| Dimensions | 24cm.(Hb) |
| 500 ## - GENERAL NOTE | |
| General note | Includes index |
| 505 ## - FORMATTED CONTENTS NOTE | |
| Formatted contents note | vol. eighteen, part two - The languages of manipur ed. by K. Nipuni Mao. |
| 700 ## - ADDED ENTRY--PERSONAL NAME | |
| Dates associated with a name | Devy, G.N. |
| 700 ## - ADDED ENTRY--PERSONAL NAME | |
| Dates associated with a name | Mao, K. Nipuni |
| 942 ## - ADDED ENTRY ELEMENTS (KOHA) | |
| Source of classification or shelving scheme | Dewey Decimal Classification |
| Item type | English Books |
| Call number suffix | THE |
| Classification part | 409.54 |
| Withdrawn status | Lost status | Not for loan | Collection code | Home library | Current library | Date acquired | Source of acquisition | Cost, normal purchase price | Full call number | Barcode | Copy number | Cost, replacement price | Koha item type |
|---|---|---|---|---|---|---|---|---|---|---|---|---|---|
| Not For Loan | Non-fiction | D.B.Act.Division | Central Library | 09/04/2018 | DBAD/PUB | 1750.00 | 409.54 THE | EN-106054 | 1 | 1750.00 | English Books |
